000 00422nam a22001457a 4500
003 OSt
005 20260324142550.0
008 211118b ||||| |||| 00| 0 eng d
040 _cAIMIT LIBRARY
100 _aShaji, Seethal; Suvaris, Roshan.
_d191832
_910585
245 _aRaw Materials Supply Management /
260 _aV A Websites, Mangalore.
_bRoshan Suvaris.
_c2021
856 _uwww.vawebsites.in
942 _2ddc
_cPRO
999 _c220660
_d220660